| 000 | nam a22 7a 4500 | ||
|---|---|---|---|
| 999 |
_c25606 _d25606 |
||
| 008 | 170201b xxu||||| |||| 00| 0 eng d | ||
| 020 | _a 0887252850 | ||
| 050 | _aQR63 .K47 2005 | ||
| 100 | _aKerr,Thomas J. | ||
| 245 |
_aApplications in general microbiology : _bfundamental exercises/ _cThomas J Kerr; McHale, Barbara B. |
||
| 250 | _a3rd ed. | ||
| 260 |
_aWinston-Salem, N.C. : _bHunter Pub. Co., _c©2005. |
||
| 300 |
_ax, 254p. : _bill. ; _c28cm. _e1 CD-ROM (4 3/4 in.) |
||
| 500 | _aincludes index. | ||
| 650 | _a Microbiology. | ||
| 700 | _aMcHale,Barbara B. | ||
| 942 |
_2lcc _cBOOKS _hQR63 .K47 2005 |
||